Economic transition in the Bengal presidency, (1793-1833) / (Record no. 59676)
[ view plain ]
| 000 -LEADER | |
|---|---|
| fixed length control field | 00808nam a2200253 a 4500 |
| 001 - CONTROL NUMBER | |
| control field | 59676 |
| 003 - CONTROL NUMBER IDENTIFIER | |
| rucl marc code | BD-RjUL |
| 005 - DATE AND TIME OF LATEST TRANSACTION | |
| control field | 20211209080746.0 |
| 008 - FIXED-LENGTH DATA ELEMENTS--GENERAL INFORMATION | |
| fixed length control field | 190225s1966 ii ||||| |||| 00| 0 eng d |
| 035 ## - SYSTEM CONTROL NUMBER | |
| System control number | (BD-RjUL)59800 |
| 040 ## - CATALOGING SOURCE | |
| Original cataloging agency | BD-RjUL |
| Language of cataloging | eng |
| Transcribing agency | BD-RjUL |
| Modifying agency | BD-RjUL |
| 041 ## - LANGUAGE CODE | |
| Language code of text/sound track or separate title | eng |
| 082 ## - DEWEY DECIMAL CLASSIFICATION NUMBER | |
| Edition number | 23 |
| Classification number | 330.95414 |
| Author mark and year | GHE 1966 |
| 100 1# - MAIN ENTRY--PERSONAL NAME | |
| Personal name | Ghosal, H. R . |
| 9 (RLIN) | 177595 |
| 245 10 - TITLE STATEMENT | |
| Title | Economic transition in the Bengal presidency, (1793-1833) / |
| Statement of responsibility, etc. | H. R. Ghosal |
| 250 ## - EDITION STATEMENT | |
| Edition statement | 2nd ed. |
| 260 ## - PUBLICATION, DISTRIBUTION, ETC. (IMPRINT) | |
| Place of publication, distribution, etc. | Calcutta: |
| Name of publisher, distributor, etc. | Firma K. L. Mukhopadhyay, |
| Date of publication, distribution, etc. | 1966. |
| 300 ## - PHYSICAL DESCRIPTION | |
| Pagination | [14], 322p. ; |
| Size | 22 cm |
| 504 ## - BIBLIOGRAPHY, ETC. NOTE | |
| Bibliography, etc | Includes bibliographical footnotes and index |
| 650 ## - SUBJECT ADDED ENTRY--TOPICAL TERM | |
| Topical term or geographic name as entry element | Bengal (India) |
| General subdivision | Economic conditions. |
| 9 (RLIN) | 178285 |
| Topical term or geographic name as entry element | Economic history |
| 9 (RLIN) | 172944 |
| Geographic subdivision | Bengal (India) |
| 651 ## - SUBJECT ADDED ENTRY--GEOGRAPHIC NAME | |
| Geographic name | India |
| General subdivision | Bengal |
| 9 (RLIN) | 178286 |
| 942 ## - ADDED ENTRY ELEMENTS (KOHA) | |
| Source of classification or shelving scheme | Dewey Decimal Classification |
| Koha item type | Books |
| Lost status | Source of classification or shelving scheme | Damaged status | Not for loan | Collection code | Permanent Location | Current Location | Shelving location | Date acquired | Source of acquisition | Cost, normal purchase price | Total Checkouts | Full call number | Date last seen | Copy number | Koha item type |
|---|---|---|---|---|---|---|---|---|---|---|---|---|---|---|---|
| Dewey Decimal Classification | Not For Loan | Non-fiction | Central Library, University of Rajshahi | Central Library, University of Rajshahi | Reading Room | 21/04/1976 | K.P. Bagicha, Calcutta | 40.00 | RA 330.95414 GHE 1966 | 26/12/2016 | C-1 | Rare Books | |||
| Dewey Decimal Classification | Non-fiction | Central Library, University of Rajshahi | Central Library, University of Rajshahi | 22/03/1976 | K. P. Bagchi and Co., Calcutta | 40.00 | 330.95414 GHE 1966 | 25/02/2019 | C-2 | Books |